[Event "G60 Championship"]
[Site "?"]
[Date "????.??.??"]
[Round "4"]
[White "Perez, Ignacio"]
[Black "Vijayakumar, Advaith"]
[Result "0-1"]
[WhiteElo "2227"]
[BlackElo "1796"]
[PlyCount "88"]
[SourceDate "2017.10.16"]
[SourceVersionDate "2017.10.16"]

1. e4 e6 2. d3 d5 3. Nd2 Nf6 4. Ngf3 c5 5. g3 Nc6 6. Bg2 Be7 7. O-O O-O 8. Re1
b5 9. e5 Nd7 10. Nf1 Bb7 11. h4 Nb6 12. N1h2 Qc7 13. Bf4 Rfd8 14. h5 d4 15. Ng4
Nd5 16. Bc1 a5 17. Ng5 Bf8 18. Be4 h6 19. Nh7 Nxe5 20. Nxf8 Kxf8 21. Nxh6 gxh6
22. Bxh6+ Ke7 23. Qe2 Nd7 24. Bg7 N7f6 25. Bg2 Qb6 26. h6 Ne8 27. Be5 f6 28. h7
Nec7 29. Qg4 fxe5 30. Qg7+ Kd6 31. Qxe5+ Kd7 32. c4 dxc3 33. bxc3 Qd6 34. Qh5
Qe7 35. c4 Nf6 36. Qh6 Bxg2 37. Kxg2 Nxh7 38. cxb5 Nxb5 39. Rac1 Rh8 40. Qf4
Qd6 41. Qf7+ Qe7 42. Qf3 Ng5 43. Qb7+ Nc7 44. d4 Rhb8 0-1

[Event "G60 Championship"]
[Site "?"]
[Date "????.??.??"]
[Round "4"]
[White "Watts, Peter"]
[Black "Fagundes, Frank"]
[Result "1-0"]
[WhiteElo "1944"]
[BlackElo "1702"]
[PlyCount "72"]
[SourceDate "2017.10.16"]
[SourceVersionDate "2017.10.16"]

1. d4 Nf6 2. Nf3 b5 3. e3 a6 4. Bd3 Bb7 5. Nbd2 d5 6. b3 e6 7. Ne5 c5 8. c3
Nbd7 9. f4 cxd4 10. cxd4 Bb4 11. O-O Rc8 12. a3 Qa5 13. Ndf3 Ne4 14. Nxd7 Nc3
15. axb4 Qxa1 16. Qc2 Kxd7 17. Bb2 Qa2 18. Ra1 Qxa1+ 19. Bxa1 Ne2+ 20. Qxe2
Rc1+ 21. Kf2 Rxa1 22. Ne5+ Ke7 23. Qh5 Ra2+ 24. Kf3 g6 25. Qh4+ Ke8 26. Qh6 f6
27. Qg7 fxe5 28. Qxh8+ Kd7 29. Qxh7+ Kc6 30. fxe5 g5 31. Qe7 Bc8 32. Bg6 g4+
33. Kg3 Re2 34. Be8+ Kb6 35. Qd6+ Ka7 36. Qc7+ Bb7 1-0

[Event "G60 Championship"]
[Site "?"]
[Date "????.??.??"]
[Round "4"]
[White "Whale, Nicholas"]
[Black "Velea, Stephanie"]
[Result "1/2-1/2"]
[WhiteElo "1898"]
[BlackElo "1749"]
[PlyCount "55"]
[SourceDate "2017.10.16"]
[SourceVersionDate "2017.10.16"]

1. e4 c5 2. Nf3 d6 3. Bb5+ Bd7 4. Bxd7+ Qxd7 5. O-O Nf6 6. Qe2 Nc6 7. c3 e6 8.
d4 cxd4 9. cxd4 d5 10. e5 Ne4 11. Nbd2 Nxd2 12. Bxd2 Be7 13. Rac1 O-O 14. Rc3
Rac8 15. Rfc1 Kh8 16. a3 Rfd8 17. b4 a6 18. b5 axb5 19. Qxb5 Ra8 20. Rb1 Rdb8
21. a4 h6 22. Rcb3 Qc7 23. Rc1 Qd8 24. Rcb1 Qc8 25. Rc1 Qd8 26. Rcb1 Qc8 27.
Rc1 Qd8 28. Rcb1 1/2-1/2

[Event "G60 Championship"]
[Site "?"]
[Date "????.??.??"]
[Round "4"]
[White "Velea, Anne-Marie"]
[Black "Van Dyke, Patrick"]
[Result "1-0"]
[WhiteElo "1871"]
[BlackElo "2133"]
[PlyCount "41"]
[SourceDate "2017.10.16"]
[SourceVersionDate "2017.10.16"]

1. e4 c5 2. Nf3 Nc6 3. Bb5 g6 4. c3 e5 5. Bxc6 dxc6 6. Nxe5 Qe7 7. d4 f6 8. Nf3
Qxe4+ 9. Be3 Bg4 10. Nbd2 Qe6 11. O-O O-O-O 12. Qa4 Bxf3 13. Nxf3 Kb8 14. dxc5
Ne7 15. Rad1 Bg7 16. Nd4 Qc8 17. Bf4+ Ka8 18. Bd6 Nf5 19. Nxf5 Qxf5 20. Rd4 Qe6
21. Qxa7+ 1-0

[Event "G60 Championship"]
[Site "?"]
[Date "????.??.??"]
[Round "3"]
[White "Lopez, Francisco"]
[Black "Puri, Rishay"]
[Result "1-0"]
[WhiteElo "1675"]
[BlackElo "970"]
[PlyCount "47"]
[SourceDate "2017.10.16"]
[SourceVersionDate "2017.10.16"]

1. e4 e5 2. Nf3 Nc6 3. Bb5 Nf6 4. O-O d6 5. d4 Bd7 6. Re1 Be7 7. c3 O-O 8. Ba4
Qe8 9. Bb3 Bg4 10. d5 Nd8 11. h3 Bh5 12. Nbd2 c6 13. dxc6 Nxc6 14. Nf1 Rc8 15.
a3 Qd7 16. Bg5 Rfd8 17. Bxf6 Bxf6 18. Ne3 Ne7 19. Nd5 Nxd5 20. Bxd5 Qb5 21. Rb1
Qb6 22. Re3 Bg5 23. Rd3 Rc5 24. g4 1-0

[Event "G60 Championship"]
[Site "?"]
[Date "????.??.??"]
[Round "3"]
[White "Taylor, Thomas"]
[Black "Whale, Nicholas"]
[Result "1-0"]
[WhiteElo "1799"]
[BlackElo "1898"]
[PlyCount "55"]
[SourceDate "2017.10.16"]
[SourceVersionDate "2017.10.16"]

1. c4 g6 2. g3 Nf6 3. Bg2 Bg7 4. Nc3 O-O 5. e4 d6 6. Nge2 e5 7. O-O Nc6 8. h3
Be6 9. d3 Nd7 10. Kh2 Kh8 11. Rb1 f5 12. f4 fxe4 13. Nxe4 Nf6 14. Ng5 Bd7 15.
b4 Rb8 16. b5 Ne7 17. Bb2 exf4 18. Nxf4 Qc8 19. Re1 Re8 20. Qf3 Nf5 21. Qf2 a6
22. Rxe8+ Qxe8 23. Re1 Qf8 24. Nge6 Bxe6 25. Nxe6 Qf7 26. Nxg7 Kxg7 27. Bd5 Qf8
28. Re6 1-0

[Event "G60 Championship"]
[Site "?"]
[Date "????.??.??"]
[Round "3"]
[White "Lee, Michael"]
[Black "Perez, Ignacio"]
[Result "1-0"]
[WhiteElo "2527"]
[BlackElo "2227"]
[PlyCount "67"]
[SourceDate "2017.10.16"]
[SourceVersionDate "2017.10.16"]

1. c4 Nf6 2. Nc3 g6 3. Nf3 Bg7 4. g3 O-O 5. Bg2 d6 6. O-O c6 7. d4 Nbd7 8. h3
e5 9. dxe5 dxe5 10. Be3 Qe7 11. Qc1 Re8 12. Rd1 Nc5 13. Bh6 Bh8 14. Qe3 a5 15.
Bg5 h5 16. Bh4 Bf5 17. Ng5 Qf8 18. Rd2 Nh7 19. Nce4 Nxe4 20. Bxe4 Bc8 21. Nxh7
Kxh7 22. Kg2 Be6 23. g4 hxg4 24. hxg4 Kg8 25. Rh1 Bg7 26. Bg5 f5 27. gxf5 gxf5
28. Qh3 fxe4 29. Qh7+ Kf7 30. Rh6 Qe7 31. Bxe7 Rxe7 32. Rd6 Bxc4 33. Rhf6+ Ke8
34. Qg6+ 1-0

[Event "G60 Championship"]
[Site "?"]
[Date "????.??.??"]
[Round "3"]
[White "Hendricks, David"]
[Black "Petrov, Oscar"]
[Result "0-1"]
[WhiteElo "1673"]
[BlackElo "1880"]
[PlyCount "106"]
[SourceDate "2017.10.16"]
[SourceVersionDate "2017.10.16"]

1. d4 Nf6 2. Bf4 g6 3. Nf3 Bg7 4. e3 c5 5. c3 O-O 6. Bd3 d5 7. O-O Bg4 8. Nbd2
c4 9. Bc2 Nc6 10. h3 Bxf3 11. Nxf3 Nh5 12. Bh2 f5 13. Ng5 Qd7 14. g4 fxg4 15.
hxg4 Nf6 16. f3 Rae8 17. Qe1 e5 18. Qh4 exd4 19. exd4 Re2 20. Rf2 Rxf2 21. Kxf2
Nxg4+ 22. Kg1 Nh6 23. Re1 Re8 24. Rxe8+ Qxe8 25. Kf2 Qe7 26. Bf4 Nd8 27. Qh2
Qf6 28. Qh4 Ne6 29. Be3 Bf8 30. Kg3 Ng7 31. Qh3 Ngf5+ 32. Bxf5 Nxf5+ 33. Kf2 h6
34. Bf4 Bg7 35. Qg4 hxg5 36. Be5 Qe7 37. f4 Bxe5 38. fxe5 Kg7 39. a3 b5 40. Ke2
Qd8 41. Kd2 Qh8 42. Qg2 Qh4 43. Qxd5 Qf4+ 44. Ke1 Qe3+ 45. Kf1 Qd3+ 46. Ke1
Qd1+ 47. Kf2 Qf1+ 48. Kxf1 Ne3+ 49. Ke2 Nxd5 50. Kf3 Nc7 51. Ke4 Kf7 52. d5
Nxd5 53. Kxd5 g4 0-1

[Event "G60 Championship"]
[Site "?"]
[Date "2017.10.16"]
[Round "4"]
[White "Breckenridge, Steven"]
[Black "Lee, Michael"]
[Result "1/2-1/2"]
[WhiteElo "2399"]
[BlackElo "2527"]
[PlyCount "54"]
[EventDate "2017.??.??"]
[SourceDate "2017.10.16"]
[SourceVersionDate "2017.10.16"]

1. e4 c5 2. c3 d5 3. exd5 Qxd5 4. d4 Nf6 5. Nf3 cxd4 6. cxd4 g6 7. Nc3 Qa5 8.
Bc4 Bg7 9. Qe2 Qd8 10. O-O O-O 11. Rd1 Bg4 12. h3 Bxf3 13. Qxf3 Nc6 14. Be3 e6
15. Bb3 Na5 16. d5 Nxb3 17. axb3 Nxd5 18. Nxd5 exd5 19. Rxd5 Qc8 20. Rc1 Qe6
21. Rc7 b6 22. Rdd7 Rad8 23. Rxd8 Rxd8 24. Rxa7 Qxb3 25. Ra8 Rf8 26. Qc6 Qxb2
27. Bxb6 h5 1/2-1/2

[Event "G60 Championship"]
[Site "?"]
[Date "????.??.??"]
[Round "3"]
[White "Vijayakumar, Advaith"]
[Black "Reeves, Jasen"]
[Result "1-0"]
[WhiteElo "1796"]
[BlackElo "1586"]
[PlyCount "77"]
[EventDate "2017.??.??"]
[SourceDate "2017.10.16"]
[SourceVersionDate "2017.10.16"]

1. d4 Nf6 2. c4 e6 3. Nf3 Bb4+ 4. Bd2 Qe7 5. a3 Bxd2+ 6. Qxd2 Ne4 7. Qc2 f5 8.
Nc3 Nf6 9. g3 O-O 10. Bg2 d6 11. O-O e5 12. e3 e4 13. Nd2 c6 14. b4 Be6 15. Ne2
d5 16. Rfc1 Nbd7 17. Qb2 Rfc8 18. Rc2 g5 19. Rac1 Nf8 20. cxd5 cxd5 21. Nb3 b6
22. Nc3 Bd7 23. Ne2 Ne6 24. Bh3 Qf7 25. Rxc8+ Bxc8 26. Bxf5 Qh5 27. Rxc8+ Rxc8
28. Bxe6+ Kg7 29. Bxc8 Qf3 30. Bh3 h5 31. Qc2 h4 32. Nc3 hxg3 33. Qe2 gxf2+ 34.
Qxf2 Qxh3 35. Qg3 Qh5 36. Qc7+ Kg6 37. Qg3 Ng4 38. Nxd5 Nxh2 39. Nf4+ 1-0

[Event "G60 Championship"]
[Site "?"]
[Date "????.??.??"]
[Round "3"]
[White "Eversole, Joseph"]
[Black "Fagundes, Frank"]
[Result "0-1"]
[WhiteElo "1916"]
[BlackElo "1702"]
[PlyCount "74"]
[EventDate "2017.??.??"]
[SourceDate "2017.10.16"]
[SourceVersionDate "2017.10.16"]

1. e4 Nf6 2. e5 Nd5 3. d4 d6 4. c4 Nb6 5. f4 dxe5 6. fxe5 Nc6 7. Be3 Bf5 8. Nc3
e6 9. Nf3 Bb4 10. Be2 O-O 11. Qb3 Qe7 12. a3 Bxc3+ 13. Qxc3 Rad8 14. b4 Be4 15.
b5 Nb8 16. O-O c6 17. a4 cxb5 18. axb5 a6 19. d5 Nxd5 20. cxd5 Rc8 21. d6 Qd7
22. Qb4 Bd5 23. Nd4 Qd8 24. Rfc1 Qh4 25. bxa6 Qe4 26. Kf2 Qxg2+ 27. Ke1 bxa6
28. Rxc8 Rxc8 29. Qb2 Qe4 30. Ra3 Qxe5 31. Rc3 Rd8 32. Qb6 Qf6 33. Rc7 e5 34.
Nf3 Bxf3 35. Re7 Rf8 36. Bc4 Qh4+ 37. Kd2 Qxc4 0-1

[Event "G60 Championship"]
[Site "?"]
[Date "????.??.??"]
[Round "3"]
[White "Rajesh, Anirudh"]
[Black "Shaji, Karthik"]
[Result "0-1"]
[WhiteElo "1446"]
[BlackElo "1776"]
[PlyCount "42"]
[EventDate "2017.??.??"]
[SourceDate "2017.10.16"]
[SourceVersionDate "2017.10.16"]

1. d4 Nf6 2. c4 g6 3. Nc3 d5 4. Nf3 Bg7 5. Bg5 Ne4 6. Bf4 Nxc3 7. bxc3 c5 8. e3
Qa5 9. Qd2 O-O 10. Be2 Nc6 11. O-O Rd8 12. Qc2 Bf5 13. Qb3 cxd4 14. cxd5 d3 15.
dxc6 dxe2 16. Rfc1 bxc6 17. Rab1 Bxb1 18. Qxb1 Bxc3 19. Qb7 Rd1+ 20. Ne1 Qd8
21. e4 Bxe1 0-1

[Event "G60 Championship"]
[Site "?"]
[Date "????.??.??"]
[Round "3"]
[White "Kaufman, Ray"]
[Black "Watts, Peter"]
[Result "*"]
[WhiteElo "2353"]
[BlackElo "1978"]
[PlyCount "29"]
[EventDate "2017.??.??"]
[SourceDate "2017.10.16"]
[SourceVersionDate "2017.10.16"]

1. e4 d6 2. d4 Nf6 3. Nc3 g6 4. Nf3 Bg7 5. h3 O-O 6. Be3 c6 7. a4 Qa5 8. Bd3 e5
9. O-O Nbd7 10. Nd2 Nd5 11. exd5 exd4 12. Nb3 Qb4 13. Na2 Qxa4 14. Bd2 cxd5 15.
Nb4 *

[Event "G60 Championship"]
[Site "?"]
[Date "????.??.??"]
[Round "3"]
[White "Van Dyke, Patrick"]
[Black "Breckenridge, Steven"]
[Result "0-1"]
[WhiteElo "2133"]
[BlackElo "2399"]
[PlyCount "44"]
[EventDate "2017.??.??"]
[SourceDate "2017.10.16"]
[SourceVersionDate "2017.10.16"]

1. e4 e5 2. Nf3 Nc6 3. Bc4 Nf6 4. d3 Bc5 5. c3 a6 6. a4 Ba7 7. O-O h6 8. Be3 d6
9. Nbd2 O-O 10. Qe2 Re8 11. Rad1 Ne7 12. Bb3 Ng6 13. Rfe1 Nh5 14. Nf1 Nhf4 15.
Qd2 Bg4 16. Kh1 Qf6 17. Ng1 Nxg2 18. Kxg2 Nh4+ 19. Kg3 Nf3 20. Kxg4 h5+ 21. Kg3
Qg6+ 22. Bg5 Nxd2 0-1

[Event "G60 Championship"]
[Site "?"]
[Date "????.??.??"]
[Round "3"]
[White "Watts, Peter"]
[Black "Vijayakumar, Advaith"]
[Result "1-0"]
[WhiteElo "1978"]
[BlackElo "1816"]
[PlyCount "63"]
[EventDate "2017.??.??"]
[SourceDate "2017.10.20"]
[SourceVersionDate "2017.10.20"]

1. d4 Nf6 2. Nf3 e6 3. e3 b6 4. Bd3 Bb7 5. Nbd2 Be7 6. b3 O-O 7. Bb2 c5 8. O-O
d6 9. c4 Nbd7 10. Qe2 Qc7 11. e4 cxd4 12. Nxd4 a6 13. f4 Nc5 14. Bc2 a5 15. e5
Nfd7 16. Nb5 Qc6 17. exd6 Bxd6 18. Nxd6 Qxd6 19. Qg4 f6 20. Nf3 Be4 21. Rad1
Qc6 22. Nd4 Qd6 23. Bxe4 Nxe4 24. Nxe6 Qe7 25. Nxf8 Nxf8 26. Rfe1 Qb7 27. Rd5
Nc5 28. Bxf6 Kh8 29. Re7 Qxe7 30. Bxe7 Nce6 31. Bxf8 Nxf8 32. f5 1-0

[Event "G60 Championship"]
[Site "?"]
[Date "????.??.??"]
[Round "3"]
[White "Min, Ryan"]
[Black "Lopez, Francisco"]
[Result "1/2-1/2"]
[WhiteElo "1277"]
[BlackElo "1675"]
[PlyCount "74"]
[EventDate "2017.??.??"]
[SourceDate "2017.10.20"]
[SourceVersionDate "2017.10.20"]

1. d4 c6 2. c4 d5 3. Nc3 Bf5 4. Bf4 e6 5. Nf3 Nf6 6. e3 Bd6 7. Bxd6 Qxd6 8. c5
Qc7 9. Be2 Nbd7 10. O-O e5 11. Re1 e4 12. Nd2 O-O 13. f3 exf3 14. Bxf3 Rfe8 15.
e4 dxe4 16. Ndxe4 Nxe4 17. Bxe4 Qf4 18. Bxf5 Qxf5 19. Rf1 Qe6 20. Qf3 Nf6 21.
Qf2 Qc4 22. Rfe1 h6 23. Rac1 Qa6 24. Qf1 Qa5 25. Rxe8+ Rxe8 26. Re1 Rd8 27. Qf2
Rd7 28. Ne4 Nxe4 29. Rxe4 Qd8 30. Qe3 Qf6 31. Re8+ Kh7 32. Rh8+ Kg6 33. Qd3+
Qf5 34. Qg3+ Qg5 35. Qd3+ Qf5 36. Qg3+ Qg5 37. Qd3+ Qf5 1/2-1/2

[Event "G60 Championship"]
[Site "?"]
[Date "????.??.??"]
[Round "2"]
[White "Breckenridge, Steven"]
[Black "McNall, Kent"]
[Result "1-0"]
[WhiteElo "2400"]
[BlackElo "1909"]
[PlyCount "47"]
[EventDate "2017.??.??"]
[SourceDate "2017.10.20"]
[SourceVersionDate "2017.10.20"]

1. e4 d6 2. d4 Nf6 3. Nc3 g6 4. Bg5 h6 5. Bxf6 exf6 6. f4 Bg7 7. Nf3 O-O 8. Bd3
Re8 9. O-O c6 10. f5 g5 11. h4 Nd7 12. Ne2 c5 13. c3 Qb6 14. Kh1 Qxb2 15. Nd2
b5 16. a4 c4 17. Bc2 d5 18. Rb1 Qa3 19. Rxb5 dxe4 20. Rb4 a5 21. Nxc4 axb4 22.
Nxa3 bxa3 23. Bb3 Ba6 24. Re1 1-0

[Event "G60 Championship"]
[Site "?"]
[Date "????.??.??"]
[Round "2"]
[White "Perez, Ignacio"]
[Black "Du, Wenyang"]
[Result "1-0"]
[WhiteElo "2225"]
[BlackElo "1861"]
[PlyCount "120"]
[EventDate "2017.??.??"]
[SourceDate "2017.10.20"]
[SourceVersionDate "2017.10.20"]

1. d4 Nf6 2. Nf3 g6 3. c4 Bg7 4. Nc3 d5 5. e3 O-O 6. cxd5 Nxd5 7. Bc4 Nxc3 8.
bxc3 c5 9. h4 cxd4 10. cxd4 Bf5 11. h5 Nc6 12. hxg6 Bxg6 13. Nh4 b5 14. Nxg6
hxg6 15. Bb3 Na5 16. Bc2 Rc8 17. Bd3 Qd6 18. O-O e5 19. Rb1 a6 20. dxe5 Bxe5
21. Be4 Qxd1 22. Rxd1 Rfd8 23. Bd2 Nc4 24. Bb4 Nb2 25. Rf1 Nd3 26. Ba5 Bc7 27.
Bxc7 Rxc7 28. Rb3 Nc1 29. Ra3 Ne2+ 30. Kh2 Rc4 31. f3 f5 32. Rf2 fxe4 33. Rxe2
exf3 34. gxf3 Rd6 35. Kg3 Kf7 36. e4 g5 37. Kg4 Kg6 38. Kg3 Rc1 39. Rb3 Rdd1
40. a4 Rg1+ 41. Rg2 Rxg2+ 42. Kxg2 bxa4 43. Rb6+ Kf7 44. Rxa6 Ra1 45. Kh3 a3
46. Kg4 a2 47. Kf5 g4 48. Ra7+ Ke8 49. Ke6 Kd8 50. fxg4 Rg1 51. Rxa2 Rxg4 52.
Ra8+ Kc7 53. e5 Rg1 54. Ke7 Rf1 55. e6 Rf2 56. Ra1 Rc2 57. Rf1 Rc3 58. Kf7 Rh3
59. e7 Rh7+ 60. Ke6 Rh6+ 1-0

[Event "G60 Championship"]
[Site "?"]
[Date "????.??.??"]
[Round "2"]
[White "Henderson, Doug"]
[Black "Szeto, Sophie"]
[Result "0-1"]
[WhiteElo "802"]
[BlackElo "1456"]
[PlyCount "66"]
[EventDate "2017.??.??"]
[SourceDate "2017.10.20"]
[SourceVersionDate "2017.10.20"]

1. e4 c5 2. Nc3 d6 3. Nf3 Nc6 4. Bc4 Nf6 5. d3 g6 6. O-O Bg7 7. Bf4 O-O 8. d4
cxd4 9. Nxd4 Nxd4 10. Qxd4 e5 11. Bxe5 dxe5 12. Qxe5 Re8 13. Qf4 Be6 14. Bd3
Nh5 15. Qf3 Qb6 16. Bb5 Red8 17. Qe2 Nf4 18. Qf3 Bxc3 19. bxc3 Qxb5 20. Qxf4
Rac8 21. Rad1 Qe2 22. Rxd8+ Rxd8 23. h4 Qxc2 24. h5 Rd1 25. Rxd1 Qxd1+ 26. Kh2
Qxh5+ 27. Kg3 Qc5 28. Qb8+ Kg7 29. Qxb7 Qxc3+ 30. Kf4 Qf6+ 31. Ke3 Qg5+ 32. f4
Qxg2 33. Qxa7 Qg1+ 0-1

[Event "G60 Championship"]
[Site "?"]
[Date "????.??.??"]
[Round "1"]
[White "Szeto, Sophie"]
[Black "Watts, Peter"]
[Result "0-1"]
[WhiteElo "1456"]
[BlackElo "1978"]
[PlyCount "72"]
[EventDate "2017.??.??"]
[SourceDate "2017.10.20"]
[SourceVersionDate "2017.10.20"]

1. e4 d6 2. d4 Nf6 3. Nc3 Nbd7 4. f4 c6 5. Nf3 Qc7 6. Be2 e5 7. fxe5 dxe5 8.
O-O Bd6 9. Be3 Ng4 10. Bf2 Nxf2 11. Rxf2 exd4 12. Nxd4 Bxh2+ 13. Kh1 O-O 14.
Nf5 Nc5 15. Rf3 Be5 16. Bd3 g6 17. Ne3 Be6 18. Qf1 b5 19. a3 a5 20. Rb1 b4 21.
axb4 axb4 22. Ne2 Ra2 23. b3 Nxd3 24. cxd3 Rd8 25. Nc4 Bg4 26. Nxe5 Qxe5 27.
Re3 Rxe2 28. Rxe2 Qh5+ 29. Kg1 Bxe2 30. Qf2 Bxd3 31. Ra1 Bxe4 32. Rf1 Qd5 33.
Re1 Qd4 34. Re3 Bf5 35. Re1 Qxf2+ 36. Kxf2 Rd2+ 0-1

[Event "G60 Championship"]
[Site "?"]
[Date "????.??.??"]
[Round "1"]
[White "Munkhbileg, Munkh-erdene"]
[Black "Perez, Ignacio"]
[Result "0-1"]
[WhiteElo "1541"]
[BlackElo "2227"]
[PlyCount "84"]
[EventDate "2017.??.??"]
[SourceDate "2017.10.22"]
[SourceVersionDate "2017.10.22"]

1. e4 d6 2. d4 Nf6 3. Nc3 g6 4. Nf3 Bg7 5. Bg5 h6 6. Be3 Ng4 7. Bc1 e5 8. d5
O-O 9. h3 Nf6 10. Be3 a5 11. Qd2 Kh7 12. g4 Na6 13. g5 hxg5 14. Nxg5+ Kg8 15.
h4 Ng4 16. Be2 Nxe3 17. Qxe3 Nc5 18. Qg3 Bh6 19. Nf3 Bf4 20. Qg2 Kg7 21. Ng5
Rh8 22. Rg1 Rh6 23. h5 Bd7 24. Bf3 Qf6 25. Ne2 Bxg5 26. Qxg5 Qxf3 27. hxg6 Rxg6
28. Qh4 Rxg1+ 29. Nxg1 Qxe4+ 30. Qxe4 Nxe4 31. f3 Nf6 32. c4 Rh8 33. O-O-O Rh2
34. Rd2 Rxd2 35. Kxd2 e4 36. f4 Bg4 37. Ke3 Kg6 38. Ne2 Bxe2 39. Kxe2 Kf5 40.
Ke3 c5 41. dxc6 bxc6 42. a3 a4 0-1

[Event "G60 Championship"]
[Site "?"]
[Date "????.??.??"]
[Round "1"]
[White "Lee, Michael"]
[Black "Fagundes, Frank"]
[Result "1-0"]
[WhiteElo "2527"]
[BlackElo "1702"]
[PlyCount "69"]
[EventDate "2017.??.??"]
[SourceDate "2017.10.23"]
[SourceVersionDate "2017.10.23"]

1. c4 Nf6 2. Nc3 e6 3. e4 Nc6 4. f4 d5 5. e5 d4 6. exf6 dxc3 7. bxc3 Qxf6 8. d4
Bd6 9. Nh3 O-O 10. Bd3 Qh4+ 11. Nf2 f5 12. g3 Qf6 13. O-O b6 14. Re1 Bb7 15.
Rb1 Rae8 16. c5 Be7 17. Bc4 Bd8 18. Qe2 Bc8 19. Ba3 Be7 20. Bxe6+ Bxe6 21.
Qxe6+ Qxe6 22. Rxe6 Nd8 23. Rxe7 Rxe7 24. cxb6 Nc6 25. Bxe7 Nxe7 26. bxa7 Nc6
27. Rb7 Ra8 28. Rxc7 Nxa7 29. c4 Kf8 30. Nd3 Nc8 31. Ne5 Ne7 32. d5 Rxa2 33. d6
Ra1+ 34. Kg2 Ra2+ 35. Kh3 1-0

[Event "G60 Championship"]
[Site "?"]
[Date "????.??.??"]
[Round "1"]
[White "Hendricks, David"]
[Black "Breckenridge, Steven"]
[Result "0-1"]
[WhiteElo "1673"]
[BlackElo "2400"]
[PlyCount "72"]
[EventDate "2017.??.??"]
[SourceDate "2017.10.23"]
[SourceVersionDate "2017.10.23"]

1. d4 Nf6 2. Bf4 d6 3. Nf3 Nbd7 4. e3 g6 5. c4 Bg7 6. Nc3 Nh5 7. Bg5 h6 8. Bh4
c5 9. Be2 cxd4 10. Nxd4 Nhf6 11. O-O O-O 12. Rc1 Nc5 13. b4 Nce4 14. Nxe4 Nxe4
15. f3 Nf6 16. a4 a5 17. b5 Nd7 18. Nb3 Nb6 19. Nd4 g5 20. Bf2 e5 21. Nc2 Nxa4
22. e4 Be6 23. Ne3 Nc5 24. Nd5 Rc8 25. Bxc5 Rxc5 26. Qa4 Bxd5 27. cxd5 Qb6 28.
Kh1 Rfc8 29. Rc4 Rxc4 30. Bxc4 Bf6 31. h3 Bd8 32. Rc1 Qd4 33. Rc2 Qd1+ 34. Kh2
Bb6 35. Bb3 Qg1+ 36. Kg3 Qe1+ 0-1

[Event "G60 Championship"]
[Site "?"]
[Date "????.??.??"]
[Round "1"]
[White "Dorfner, Gary"]
[Black "Hanberg, Erik"]
[Result "1/2-1/2"]
[WhiteElo "1136"]
[BlackElo "397"]
[PlyCount "73"]
[EventDate "2017.??.??"]
[SourceDate "2017.10.23"]
[SourceVersionDate "2017.10.23"]

1. e4 c5 2. Nf3 Nc6 3. g3 e5 4. Bg2 Nf6 5. d3 Nd4 6. Nbd2 Qa5 7. O-O Nxf3+ 8.
Nxf3 Ng4 9. h3 Nf6 10. Nxe5 Bd6 11. Nf3 Bc7 12. Bd2 Qa6 13. Bc3 O-O 14. Bxf6
Qxf6 15. Rb1 d5 16. Qd2 dxe4 17. dxe4 Bxh3 18. Bxh3 Qxf3 19. Bg2 Rad8 20. Qxd8
Qxg2+ 21. Kxg2 Rxd8 22. b3 Rd2 23. Rbc1 g6 24. Rfd1 Rd4 25. f3 Ba5 26. c3 Bxc3
27. Rxd4 cxd4 28. a4 Kf8 29. g4 a5 30. Kf2 Ke7 31. Ke2 Kd6 32. Kd3 Kc5 33.
Rxc3+ dxc3 34. Kxc3 b5 35. axb5 Kxb5 36. f4 Kc5 37. g5 1/2-1/2

[Event "G60 Championship"]
[Site "?"]
[Date "????.??.??"]
[Round "1"]
[White "Van Dyke, Patrick"]
[Black "Reeves, Jasen"]
[Result "1-0"]
[WhiteElo "2133"]
[BlackElo "1586"]
[PlyCount "73"]
[EventDate "2017.??.??"]
[SourceDate "2017.10.23"]
[SourceVersionDate "2017.10.23"]

1. e4 e5 2. Nf3 Nc6 3. Bc4 Nf6 4. Ng5 d5 5. exd5 Nd4 6. c3 b5 7. Bf1 Nf5 8.
Bxb5+ Bd7 9. Bc4 Bd6 10. d3 O-O 11. O-O Ne7 12. Nd2 Nexd5 13. Nde4 Be7 14. f4
exf4 15. Bxf4 Nxf4 16. Rxf4 h6 17. Nxf6+ Bxf6 18. Ne4 Be5 19. Rxf7 Rxf7 20. Qh5
Qe7 21. Bxf7+ Qxf7 22. Qxe5 Bc6 23. Rf1 Qd7 24. Nc5 Qd6 25. Qxd6 cxd6 26. Ne6
Re8 27. Nd4 Bd7 28. Kf2 Rf8+ 29. Ke1 Re8+ 30. Kd2 Bg4 31. b4 Bd7 32. a4 Rf8 33.
Rxf8+ Kxf8 34. b5 Ke7 35. a5 Kf6 36. a6 Ke7 37. b6 1-0